000 00460nam a22001457a 4500
999 _c12597
_d12597
008 190130b ||||| |||| 00| 0 eng d
020 _a971-542-291-8
082 _22001
_aDFil 899.211
_bP53
245 _aIn the beginning(Bilaan)/
_cDamiana Eugenio [Compiler and Editor]
260 _aQuezon City:
_bUP Press;
_c©2001
300 _aPage 296-297;
_c22.5 cm.
500 _aPhilippine folk literature: The myths
650 _aMythology
_935603
942 _2ddc
_cDFIL